Efecto del cadmio y el cobre sobre el flujo de nitrógeno y fósforo en la interfase agua-sedimento en una laguna costera tropical (Registro nro. 15978)

Detalles MARC
000 -CABECERA
Campo de control 004470000a22001090004500
090 ## - CLASIFICACIÓN LOCAL
Colección AS
Consecutivo Seriadas
041 0# - IDIOMA
Código de idioma para texto/pista de sonido o título separado
100 1# - ASIENTO PRINCIPAL--NOMBRE PERSONAL
Nombre personal Castro González, Maribeb
245 10 - MENCION DE TITULO
Título Efecto del cadmio y el cobre sobre el flujo de nitrógeno y fósforo en la interfase agua-sedimento en una laguna costera tropical
773 1# - Item fuente:
Título Revista de la Academia Colombiana de Ciencias Exactas, Físicas y Naturales
Descripción física 109
Paginas del Articulo 535-543
Lugar, editorial y fecha de publicación 2004
Información sobre la relación 28
942 ## - ELEMENTOS ADICIONALES (KOHA)
Tipo de ítem Artículo

No hay ítems disponibles.